Σκοτεινή Θαρρουνίων = Skoteini, Tharrounia : το σπήλαιο, ο οικισμός και το νεκροταφείο : the cave, the settlement and the cemetery
Αποθηκεύτηκε σε:
| Κύριος συγγραφέας: | |
|---|---|
| Μορφή: | Βιβλίο |
| Γλώσσα: | Greek |
| Δημοσίευση: |
Αθήνα :
[χ.ό.],
1993
|
| Θέματα: | |
| Ετικέτες: |
Προσθήκη ετικέτας
Δεν υπάρχουν, Καταχωρήστε ετικέτα πρώτοι!
|
MARC
| LEADER | 00000cam a2200000 i 4500 | ||
|---|---|---|---|
| 001 | 1/38005 | ||
| 008 | 030703s1993 gre d | ||
| 020 | |a 960-85332-0-1 | ||
| 035 | |l 10070361 | ||
| 040 | |a GR-MY-UA |b gre |e aacr | ||
| 041 | 0 | |a gre | |
| 082 | 0 | |a 551.44709495 | |
| 100 | 1 | |a Σάμψων, Αδαμάντιος Α., |d 1944- | |
| 245 | 1 | 0 | |a Σκοτεινή Θαρρουνίων = |b Skoteini, Tharrounia : το σπήλαιο, ο οικισμός και το νεκροταφείο : the cave, the settlement and the cemetery / |c Αδαμάντιου Σάμψων |
| 246 | 2 | 1 | |a Skoteini, Tharrounia |b ; the cave, the settlement and the cemetery |
| 260 | |a Αθήνα : |b [χ.ό.], |c 1993 | ||
| 300 | |a 526 σ. |b φωτ. | ||
| 650 | 0 | |a Caves |z Greece |z Euboea Island. | |
| 651 | 0 | |a Euboea Island (Greece) |x Antiquities. | |
| 852 | |a INST |b RHODES |e 20030703 |h 551.44709495 ΑΔΑ |p 005400020394 |q 005400020394 |t BK |y 0 | ||
| 901 | |a BIBL4-2003-2 | ||
| 909 | |a Ρ |b 101904 | ||
| 970 | |a ΚΟΥΛΑΚΙΟΤΗ |b ΛΙΤΣΑ |z 2003/07/03 | ||